Spell the Marvel Character #206 - Statistics

General Stats
  • This quiz has been taken 16 times
  • The average score is 4 of 6
Answer Stats
Picture Answer % Correct
Thing
100%
Rocket Raccoon
93%
Old Lace
71%
Throg
57%
Guardian
50%
Hairball
36%
No matching quizzes found
Score Distribution
Percent of People with Each Score
Percentile by Number Answered
Your Score History
You have not taken this quiz